00345nam a2200133Ia 4500003000400000008004100004020001800045100003500063245004500098250001900143260003300162300000800195650000800203OSt191201s2018 xx 000 0 und d a9780070140622 aBHURCHANDI, K. M. & RAY, A. K. 0aAdvanced Microprocessors and Peripherals a1 January 2006 bMcGraw Hill Education c2018 a692 aCSE